Schweizer Städte - Sudden Death - Statistiken

Allgemein
  • Dieses Quiz wurde 28.288 mal gespielt
  • Das Durchschnittsergebnis liegt bei 8 aus 13
Answers on the Grid
Answers color-coded by a green-red scale on the quiz's grid according to % correct below.
Annecy
Basel
Bern
Bozen
Bregenz
Davos
Freiburg (Breisgau)
Freiburg (Üechtland)
Genf
Innsbruck
Konstanz
Lausanne
Lindau am Bodensee
Luzern
Mülhausen
Ravensburg
Sitten
St. Gallen
St. Margrethen
Tübingen
Vaduz
Winterthur
Zug
Zürich
 
Antwortstatistiken
Antwort % Korrekt
Bern
78%
Zürich
78%
Basel
76%
Genf
75%
Luzern
71%
St. Gallen
69%
Lausanne
61%
Zug
54%
Winterthur
53%
Davos
49%
Freiburg (Üechtland)
43%
Sitten
34%
St. Margrethen
34%
Keine übereinstimmenden Quizze gefunden
Verteilung der Resultate
Anzahl Personen mit jedem Resultat
Perzentil nach korrekt beantworteten Fragen
Ihre Resultats-Entwicklung
Sie haben dieses Quiz noch nicht gespielt